000 00463nam a2200193Ia 4500
005 20250326144218.0
008 250326s9999 xx 000 0 und d
037 _aTextbook
040 _aFMSL
_beng
_cFMSL
041 _aeng
_2eng
084 _qFMSL
100 _aSimon H A
_976750
245 0 _aAdministration behaviour
_cSimon H A
250 _a2
260 _aNY
_bNY, Macmillon
_c1962
300 _a587p
942 _cTB
999 _c1302816
_d1302816